| Tag |
First Indicator |
Second Indicator |
Subfields |
| LEADER |
00000nam a2200000Mi 4500 |
| 001 |
in00004726513 |
| 003 |
OCoLC |
| 006 |
m o d |
| 007 |
cr cnu---unuuu |
| 008 |
180621t20182018enk o 001 0 eng d |
| 005 |
20250816191034.7 |
| 020 |
|
|
|a 9781317027256
|q electronic book
|
| 020 |
|
|
|a 1317027256
|q electronic book
|
| 020 |
|
|
|z 9781472483386
|
| 020 |
|
|
|z 1472483383
|
| 024 |
8 |
|
|a 99994064050
|
| 035 |
|
|
|a (OCoLC)1059064193
|
| 040 |
|
|
|a YDX
|b eng
|e rda
|c YDX
|d NhCcYBP
|
| 050 |
|
4 |
|a GB471
|b .R68 2018
|
| 082 |
0 |
4 |
|a 551.42
|2 23
|
| 245 |
0 |
4 |
|a The Routledge international handbook of island studies :
|b a world of islands /
|c edited by Godfrey Baldacchino.
|
| 264 |
|
1 |
|a Abingdon, Oxon ;
|a New York, NY :
|b Routledge,
|c 2018.
|
| 264 |
|
4 |
|c ©2018
|
| 300 |
|
|
|a 1 online resource.
|
| 336 |
|
|
|a text
|b txt
|2 rdacontent
|
| 337 |
|
|
|a computer
|b c
|2 rdamedia
|
| 338 |
|
|
|a online resource
|b cr
|2 rdacarrier
|
| 490 |
1 |
|
|a Routledge international handbooks
|
| 500 |
|
|
|a Includes index.
|
| 588 |
|
|
|a Description based on online resource; title from digital title page (viewed on July 03, 2018).
|
| 650 |
|
0 |
|a Islands
|v Handbooks, manuals, etc.
|
| 655 |
|
7 |
|a Electronic books.
|2 local
|
| 700 |
1 |
|
|a Baldacchino, Godfrey,
|e editor.
|
| 710 |
2 |
|
|a ProQuest (Firm)
|
| 830 |
|
0 |
|a Routledge international handbooks.
|
| 856 |
4 |
0 |
|u https://ebookcentral.proquest.com/lib/tamucs/detail.action?docID=5425381
|z Connect to the full text of this electronic book
|t 0
|
| 945 |
|
|
|a machinegen
|b 739965
|
| 955 |
|
|
|a YBP purchased firm e-records
|
| 980 |
|
|
|b usergen
|c 99994064050
|f rkimball
|g 565750
|k USD
|m 300.00
|q 1
|s AcqMono Conventional
|t Purchase at vendor system
|u Vendor order reference number
|v ZYBP
|y Selectors - electronic
|z Electronic resource
|
| 999 |
f |
f |
|i f96c41c2-8783-4195-b546-a67e14d94873
|s 5343c4b3-deff-4e2e-a717-6a5467d83515
|t 0
|
| 952 |
f |
f |
|a Texas A&M University
|b College Station
|c Electronic Resources
|d Available Online
|t 0
|e GB471 .R68 2018
|h Library of Congress classification
|
| 998 |
f |
f |
|a GB471 .R68 2018
|t 0
|l Available Online
|